Management (Record no. 7379)

MARC details
000 -LEADER
fixed length control field 00365nam a2200157Ia 4500
008 - FIXED-LENGTH DATA ELEMENTS--GENERAL INFORMATION
fixed length control field 221030s9999 xx 000 0 und d
020 ## - INTERNATIONAL STANDARD BOOK NUMBER
ISBN 8175441372
041 ## - LANGUAGE CODE
Language code of text/sound track or separate title
082 ## - DEWEY DECIMAL CLASSIFICATION NUMBER
Classification number 105.23
Item number Shi
100 ## - MAIN ENTRY--AUTHOR NAME
Personal name S. S. Ramu
245 #0 - TITLE STATEMENT
Title Management
Statement of responsibility, etc by S. S. Ramu
260 ## - PUBLICATION, DISTRIBUTION, ETC. (IMPRINT)
Name of publisher Wheeler Pub.
Place of publication Delhi
Year of publication 1999
300 ## - PHYSICAL DESCRIPTION
Number of Pages 187
650 ## - SUBJECT ADDED ENTRY--TOPICAL TERM
Topical Term BE Management
942 ## - ADDED ENTRY ELEMENTS (KOHA)
Koha item type Books
Holdings
Accession Number Cost, normal purchase price Full call number Price effective from Koha item type Withdrawn / writtenoff status Materials specified (bound volume or other part) Damaged status Not for loan Permanent Location Current Location Shelving location Date acquired Lost/ Missing status department
BE 3809 165.00 105.23 Shi 10/30/2022 Books   Print     MIET Library, Jammu MIET Library, Jammu BL-Academic Block A, FL-1, CUP-89, SH-1, R-1 04/23/2001   BE